Käännä sanat englanniksi - Helppo - Statistics

Yleistilastot
  • Tätä visaa on pelattu 540 kertaa
  • Keskiarvotulos 18 / 20
Vastaustilastot
Hint Vastaus % Oikein
bussi bus
100%
auto car
100%
tanssi dance
100%
mies man
100%
kuu moon
100%
aamu morning
100%
musiikki music
100%
puhelin phone
100%
aurinko sun
100%
puu tree
100%
tähti star
99%
omena apple
98%
pankki bank
98%
kirja book
98%
päivä day
98%
ovi door
98%
perhe family
98%
ruoka food
98%
tyttö girl
98%
koti home
98%
talo house
98%
minuutti minute
98%
numero number
98%
paita shirt
98%
sisko sister
98%
lumi snow
98%
kesä summer
98%
talvi winter
98%
banaani banana
97%
koira dog
97%
hedelmä fruit
97%
koulu school
97%
vesi water
97%
tuuli wind
97%
leipä bread
96%
kissa cat
96%
lapsi child
96%
väri color
96%
kukka flower
96%
night
96%
lukeminen reading
96%
ikkuna window
96%
poika boy
95%
tunti hour
95%
maito milk
95%
pöytä table
95%
opettaja teacher
95%
juna train
95%
nainen woman
95%
veli brother
94%
tuoli chair
94%
isä father
94%
peli game
94%
jää ice
94%
äiti mother
94%
sekunti second
94%
kenkä shoe
94%
kevät spring
94%
vene boat
93%
kello clock
93%
peli game
93%
maalaus painting
93%
laulu song
92%
ystävä friend
91%
ravintola restaurant
91%
kaupunki city
90%
kieli language
90%
housut pants
90%
tietokone computer
89%
järvi lake
89%
vuori mountain
89%
leikki play
89%
sade rain
89%
elokuva movie
88%
työ work
88%
syksy autumn
87%
ilta evening
87%
matka trip
87%
valokuva photo
86%
lentokone plane
86%
oppilas student
86%
sää weather
86%
lippu flag
84%
hetki moment
84%
kauppa shop
84%
katu street
84%
meri sea
83%
kuva picture
80%
taivas sky
80%
vihannes vegetable
80%
pyörä bike
79%
kahvila cafe
79%
kirjakauppa bookstore
78%
valtio country
78%
tie road
78%
kirjoitus writing
78%
kauppa store
76%
sanasto vocabulary
44%
Ehtoja vastaavia visoja ei löytynyt
Tulosjakauma
Jokaisen tuloksen saaneiden osuus
Persentiili vastausten määrän mukaan
Tuloshistoriasi
Et ole pelannut tätä visaa